| 000 | 04427nam a22004097a 4500 | ||
|---|---|---|---|
| 005 | 20101005151345.0 | ||
| 010 | _aB-401137-152 | ||
| 020 |
_a9789381438720 _c150.00 |
||
| 035 | _aB-401137-152 | ||
| 037 | _bवाणी प्रकाशन/PUB | ||
| 082 | _aक | ||
| 100 |
_aमंटो, सआदत हसन _922939 |
||
| 245 |
_aदो कौमें / _cसआदत हसन मंटो; मुशर्रफ़ आलम ज़ौकी़ द्वारा संपादित |
||
| 260 |
_aनयी दिल्ली _bवाणी प्रकाशन _c2010 |
||
| 270 |
_a4695, 21-ए, दरियागंज, _bनयी दिल्ली |
||
| 300 |
_a94 पृ. _c22सेमी (सजिल्द) |
||
| 490 |
_aमंटो अब तक-4 _922940 |
||
| 700 |
_aमुशर्रफ़ आलम ज़ौकी़ _922888 |
||
| 942 |
_2ddc _cHN _mमंटोस _hक |
||
| 999 |
_c34029 _d34029 |
||